000 00457nam a22001817a 4500
003 NUST - PNEC
005 20170116180914.0
008 150903b xxu||||| |||| 00| 0 eng d
020 _a-
040 _cLIBRARY
082 _a620.112 CHH
100 _97338
_aChhalotra, G.P.
245 _aElectrical engineering materials
_cG.P. Chhalotra
250 _b4th ed.
260 _cc.1995
650 _97345
_aElectronic engineering
_yEL , ME
942 _2ddc
_cBK
999 _c65408
_d65408